[Event "TUR-chT2"]
[Site "Konya"]
[Date "2011.07.04"]
[Round "1"]
[White "Emiroglu, Volkan"]
[Black "Yuksel, Gorkem"]
[Result "1-0"]
[WhiteElo "1599"]
[BlackElo "1860"]
[PlyCount "85"]
[EventDate "2011.07.04"]
[EventType "team-swiss"]
[EventRounds "9"]
[EventCountry "TUR"]
[SourceTitle "CBM 143 Extra"]
[Source "ChessBase"]
[SourceDate "2011.08.29"]
[SourceVersion "1"]
[SourceVersionDate "2011.08.29"]
[SourceQuality "1"]
[WhiteTeam "Kastamonu"]
[BlackTeam "Kahramanmaras Belediye"]
[WhiteTeamCountry "TUR"]
[BlackTeamCountry "TUR"]

1. d4 d5 2. c4 c6 3. Nc3 Nf6 4. e3 a6 5. Nf3 b5 6. cxd5 cxd5 7. a3 e6 8. Be2 Bd6 9. 0-0 0-0 10. h3 Nbd7 11. Re1 Bb7 12. Bd2 Nb6 13. Rc1 Rc8 14. Qb3 Nc4 15. Bxc4 dxc4 16. Qd1 Ne4 17. Nxe4 Bxe4 18. Bc3 a5 19. Nd2 Bb7 20. b4 axb4 21. axb4 Qe7 22. Rb1 Ra8 23. Qh5 Ra3 24. Rec1 Rxc3 25. Rxc3 Bxb4 26. Rc2 Bxd2 27. Rxd2 c3 28. Ra2 Bd5 29. Ra5 b4 30. Rxd5 exd5 31. Qxd5 Rb8 32. Qc4 h6 33. d5 Qb7 34. Qb3 Qc7 35. Rc1 Qc5 36. Kf1 Kf8 37. Ke1 Qb5 38. Rd1 Ra8 39. d6 Ra3 40. Qc2 Ke8 41. Qe4+ Kd7 42. Qe7+ Kc6 43. Qc7# 1-0

[Event "TUR-chT"]
[Site "Konya"]
[Date "2010.07.08"]
[Round "13"]
[White "Ersoz, Bartu"]
[Black "Yuksel, Gorkem"]
[Result "1/2-1/2"]
[WhiteElo "1764"]
[BlackElo "1825"]
[PlyCount "117"]
[EventDate "2010.06.29"]
[EventType "team-tourn"]
[EventRounds "13"]
[EventCountry "TUR"]
[SourceTitle "CBM 137 Extra"]
[Source "ChessBase"]
[SourceDate "2010.09.01"]
[SourceVersion "1"]
[SourceVersionDate "2010.09.01"]
[SourceQuality "1"]

1. e4 c5 2. Nf3 Nc6 3. Nc3 d6 4. Bc4 g6 5. 0-0 Bg7 6. d3 Nf6 7. h3 0-0 8. Be3 a6 9. a4 Qc7 10. Ba2 Rd8 11. Bg5 Nb4 12. Qe2 h6 13. Bf4 e5 14. Bg3 Nxa2 15. Nxa2 Be6 16. c4 Nh5 17. Nd2 Qd7 18. Nc3 Rab8 19. Rfb1 a5 20. b3 Qe8 21. Bh2 f5 22. Rd1 f4 23. Rab1 g5 24. Nd5 Qf7 25. Rf1 Nf6 26. Nxf6+ Bxf6 27. f3 Qg6 28. Kf2 Kf7 29. Ke1 h5 30. Kd1 Rh8 31. Kc2 g4 32. hxg4 hxg4 33. Bg1 Rbg8 34. Bf2 Rh2 35. Rg1 b6 36. Rbf1 Qh5 37. Qd1 gxf3 38. gxf3 Bh3 39. Rxg8 Bxf1 40. Rg1 Bg2 41. Kc1 Ke7 42. Qe2 Kd7 43. Re1 Bh1 44. Rf1 Bh4 45. Qe1 Bxf2 46. Rxf2 Qh4 47. Re2 Qg3 48. Qxg3 fxg3 49. Rxh2 gxh2 50. Nf1 Bxf3 51. Nxh2 Bh5 52. Kd2 Ke6 53. Nf1 Kf6 54. Ne3 Bf7 55. Nf5 Ke6 56. Ne3 Kd7 57. Kc3 Be6 58. Kd2 Ke7 59. Nc2 1/2-1/2

[Event "TUR-chT"]
[Site "Konya"]
[Date "2010.07.02"]
[Round "6"]
[White "Karabayir, Mustafa Yilmaz"]
[Black "Yuksel, Gorkem"]
[Result "0-1"]
[WhiteElo "1867"]
[BlackElo "1825"]
[PlyCount "119"]
[EventDate "2010.06.29"]
[EventType "team-tourn"]
[EventRounds "13"]
[EventCountry "TUR"]
[SourceTitle "CBM 137 Extra"]
[Source "ChessBase"]
[SourceDate "2010.09.01"]
[SourceVersion "1"]
[SourceVersionDate "2010.09.01"]
[SourceQuality "1"]

1. d4 d5 2. Nf3 Nf6 3. Bg5 c6 4. e3 Bf5 5. Bd3 Bxd3 6. Qxd3 Nbd7 7. Nbd2 Qc7 8. Bf4 Qb6 9. 0-0 e6 10. c4 Be7 11. c5 Qd8 12. h3 0-0 13. b4 a5 14. b5 a4 15. Rab1 Qa5 16. bxc6 bxc6 17. Rb7 Bxc5 18. Rc1 Rfc8 19. dxc5 Nxc5 20. Rxc5 Qxc5 21. Ng5 Ra7 22. Rxa7 Qxa7 23. Be5 h6 24. Bxf6 hxg5 25. Bxg5 f6 26. Bf4 c5 27. Nf3 c4 28. Qc3 e5 29. Bg3 Qc5 30. h4 Rb8 31. Nxe5 fxe5 32. Qxe5 Rb1+ 33. Kh2 Qc6 34. Qf5 Rb7 35. Be5 c3 36. Bxc3 Rf7 37. Qe5 Qc7 38. Kg1 Qxe5 39. Bxe5 Rb7 40. a3 Rb3 41. Bd6 Kf7 42. g4 Rd3 43. Bc5 Rc3 44. Bb4 Rc4 45. Bd6 Rxg4+ 46. Kf1 Rxh4 47. Ke2 Ke6 48. Bc5 Kf5 49. Kd3 g5 50. Bd6 Rc4 51. Be7 g4 52. Bd6 Re4 53. Bc7 Rc4 54. Bd6 Rc1 55. Bg3 Ra1 56. Bd6 Ra2 57. e4+ dxe4+ 58. Ke3 Rb2 59. Bc5 Rb3+ 60. Ke2 0-1